Los derechos humanos
| Main Author: | |
|---|---|
| Format: | Section = Libro |
| Language: | Undetermined Spanish |
| Published: |
Costa Rica
Continental
1997
|
| Edition: | 2a.ed |
| Subjects: |
| LEADER | 00544nam a2200217Ia 4500 | ||
|---|---|---|---|
| 008 | 240830s9999 xx 000 0 und d | ||
| 020 | |a 9977-30-278-2 | ||
| 040 | |a B-ESTELÍ- RUACS / 323.4 T926d | ||
| 041 | |a spa | ||
| 082 | |a 323.4 T926d | ||
| 100 | 1 | |a Tünnermann Bernheim, Carlos | |
| 245 | 1 | 0 | |a Los derechos humanos |
| 250 | |a 2a.ed | ||
| 260 | |a Costa Rica |b Continental |c 1997 | ||
| 300 | |a 148 p. | ||
| 650 | 7 | |a DERECHOS HUMANOS | |
| 650 | 7 | |b HISTORIA | |
| 650 | 7 | |c ENSEÑANZA SUPERIOR | |
| 942 | |c BK |2 ddc | ||
| 991 | |a TEXTO | ||
| 999 | |c 10709 | ||